00786cam a22002297a 4500003000500000005001700005008004100022010001000063011001000073020001500083035001000098040000900108082001600117110006100133245009300194260008700287300005200374650002400426650004100450650004000491700002500531CHAP20220817043908.0030606d2002 mx ad r 00110 spa d a87328 a88300 a9688848611 a98845 cCHAP04a333.72bU322 aUACH.bDirección General de Investigación y Posgrado10aRecursos naturales:bconservación y aprovechamientoc/ed. por L. Corlay Chee (y otros) aChapingo, Méx. :bUACH. Dirección General de Investigación y Posgrado,c2002 a276 p. :bilus. ; gráfs. ; cuadros ; diagrama14aRecursos naturales.14aRecursos naturalesxAprovechamiento.14aRecursos naturalesxConservación.0 aCorlay Chee, Langen.